History Quiz

Random History or City Quiz

Winter Olympic Cities by Year Quiz Stats

 Plays Quiz not verified by Sporcle

Score 0/23 Timer 06:00
0 Plays Today
% Correct
Pyeongchang
90%
Sochi
89.2%
Salt Lake City
87.3%
Vancouver
85.4%
Turin
82.3%
Lillehammer
81.6%
Sarajevo
81%
Albertville
79.7%
Calgary
79.1%
Lake Placid
75.9%
Nagano
75.9%
Lake Placid
72.8%
% Correct
St. Moritz
72.2%
Garmisch-Partenkirchen
72.2%
Chamonix
70.9%
Innsbruck
69.6%
Innsbruck
65.8%
Squaw Valley
65.2%
Sapporo
62.7%
St. Moritz
62%
Oslo
58.2%
Grenoble
58.2%
Cortina D'ampezzo
55.1%

You're not logged in!

Compare scores with friends on all Sporcle quizzes.
OR
Log In

Sporcle TV

Today on Sporcle TV


Watch our educational content, quiz creation guides, and fun videos on Sporcle TV.

Show Comments

Extras

Top Quizzes Today


Score Distribution

Your Account Isn't Verified!

In order to create a playlist on Sporcle, you need to verify the email address you used during registration. Go to your Sporcle Settings to finish the process.

Report this User

Report this user for behavior that violates our Community Guidelines.

Details: